| 000 | 00694nam a22002177a 4500 | ||
|---|---|---|---|
| 999 |
_c17381 _d17381 |
||
| 003 | AR-CdUCM | ||
| 008 | 190508b ||||| |||| 00| 0 spa d | ||
| 040 |
_aMUNICIPALIDAD PROVINCIAL DEL CUSCO _cBIBLIOTECA MUNICIPAL DEL CUSCO |
||
| 082 |
_a193 / _bK21 |
||
| 100 |
_aKant, E. _937363 |
||
| 245 | _aMetafísica futura / | ||
| 260 |
_aBuenos Aires : _bTor, |
||
| 300 |
_a157 páginas ; _c19 cm. |
||
| 505 | _aContenido : Las fuentes de la metafísica -- De la especie sola de conocimiento que ha de llamarse metafísica ... | ||
| 650 |
_aMetafísica _92817 |
||
| 650 |
_aFilosofía _9395 |
||
| 650 |
_aSiglo XX _98 |
||
| 856 | _fNatal, A | ||
| 942 |
_2ddc _cLIBROS |
||
| 945 |
_arah _d08/05/2019 |
||